000 00666nam a2200229 u 4500
005 20240305063631.0
008 150512s2011 r 000 0 eng d
020 _a9789501129526
035 _aUPN01000203396
049 _aI
050 4 _aBF723 G7.5
_bA9.8
100 1 _aAubrey, Annette
_937273
245 1 0 _aUn lugar en el corazón /
_cAnnette Aubrey ; il. Patrice Barton.
260 _aBuenos Aires :
_bSigmar,
_cc2011.
300 _a24 p. :
_bil. col.
440 0 _aComprendamos
650 4 _aLUTO EN NIÑOS
_923930
650 2 _aPérdida (psicología)
_94355
650 4 _aLibros y lectura para niños
_92290
905 _aInfantil
999 _c175497
_d175497